[Event "The Olympic Chess Games 1 / KO/ For All/ Have Fun"]
[Site "SchemingMind.com"]
[Date "2010.02.25"]
[Round "-"]
[White "maro"]
[Black "aliwood"]
[Result "0-1"]
[WhiteCountry "MEX"]
[BlackCountry "ENG"]
[WhiteElo "1257"]
[WhiteRD "58"]
[BlackElo "1154"]
[BlackRD "62"]
[GameID "240074"]

1. e4 e5 2. Bc4 Nf6 3. Nf3 Nc6 4. Bxf7+ Kxf7 5. Ng5+ Kg8 6. d3 d6 7. Nc3 Be7 8. h4 Bg4 9. f3 Bh5 10. g4 Be8
11. Ne6 Qc8 12. Ng5 h6 13. Nh3 Bf7 14. h5 Nd4 15. Be3 c5 16. Nd5 Nxd5 17. exd5 Bxd5 18. Bxd4 cxd4 19. Qd2 Bxf3 20. Rf1 Bxg4
21. Nf2 Bxh5 22. Ne4 Bh4+ 23. Nf2 e4 24. dxe4 Qc5 25. Rh1 g5 26. a3 Re8 27. b4 Rxe4+ 28. Kf1 Qc4+ 29. Nd3 Qf7+ 30. Nf2 Be2+
0-1

[Event "The Olympic Chess Games 1 / KO/ For All/ Have Fun"]
[Site "SchemingMind.com"]
[Date "2010.02.25"]
[Round "-"]
[White "aliwood"]
[Black "maro"]
[Result "0-1"]
[WhiteCountry "ENG"]
[BlackCountry "MEX"]
[WhiteElo "1154"]
[WhiteRD "62"]
[BlackElo "1257"]
[BlackRD "58"]
[GameID "240078"]

1. e4 e5 2. Nf3 Bc5 3. Bc4 Bxf2+ 4. Kxf2 Qf6 5. Nc3 Nh6 6. Nd5 Ng4+ 7. Kg1 Qc6 8. d3 Qc5+ 9. Ne3 Nxe3 10. Bxe3 Qxe3+
11. Kf1 O-O 12. Nxe5 Qf4+ 13. Qf3 g5 14. Qxf4 gxf4 15. h4 d6 16. Nf3 Bg4 17. Re1 Nd7 18. d4 Nb6 19. Bb3 Rae8 20. Nd2 c5
21. c3 a5 22. a4 Be6 23. Bxe6 fxe6 24. dxc5 dxc5 25. b3 e5 26. Kf2 Rd8 27. Nf3 h6 28. Nxe5 Rd6 29. h5 Re6 30. Ng6 Rff6
31. Nxf4 Rxf4+
0-1

[Event "The Olympic Chess Games 1 / KO/ For All/ Have Fun"]
[Site "SchemingMind.com"]
[Date "2010.02.26"]
[Round "-"]
[White "Naoki_M"]
[Black "dante72"]
[Result "1-0"]
[WhiteCountry "JPN"]
[BlackCountry "ARG"]
[WhiteElo "1689"]
[WhiteRD "70"]
[BlackElo "1434"]
[BlackRD "108"]
[GameID "240169"]

1. e4 e5 2. Nf3 d6 3. d4 f6 4. d5 Ne7 5. c4 Ng6 6. Bd3 Bg4 7. O-O Be7 8. Nc3 a6 9. b3 O-O 10. a4 Nf4
11. Bxf4 exf4 12. Be2 Bxf3 13. Bxf3 f5 14. Re1 Bg5 15. exf5 Rxf5 16. Qd3 Rf8 17. Ne4 Bh6 18. Bg4 Qh4 19. Qh3 Qxh3 20. Bxh3 f3
21. Be6+ Kh8 22. g3 Bd2 23. Nxd2 c6 24. Re3 a5 25. Nxf3 h6 26. Nh4 Rf6 27. Rf3 Rxf3 28. Nxf3 Na6 29. Nd4 c5 30. Nb5 Rd8
31. f4 Nb4 32. Na3 g6 33. h4 Re8 34. Kf1 Kg7 35. Ke2 Kf6 36. Kd2 Na6 37. Nb5 Re7 38. Nxd6 g5 39. hxg5+ hxg5 40. Ne4+ Kg7
41. Nxg5 Kf6 42. Rh1 Nb4 43. Rh6+ Kg7 44. Rh7+ Kf8 45. Rxe7 Kxe7 46. Nh7 Na6 47. g4 Nc7 48. f5 Ne8 49. g5 Nc7 50. f6+ Kd6
51. f7 Nxe6 52. dxe6 Kxe6 53. f8=Q b6 54. Qf6+
1-0

[Event "The Olympic Chess Games 1 / KO/ For All/ Have Fun"]
[Site "SchemingMind.com"]
[Date "2010.02.26"]
[Round "-"]
[White "dante72"]
[Black "Naoki_M"]
[Result "0-1"]
[WhiteCountry "ARG"]
[BlackCountry "JPN"]
[WhiteElo "1434"]
[WhiteRD "108"]
[BlackElo "1689"]
[BlackRD "70"]
[GameID "240173"]

1. d4 Nf6 2. Nc3 d5 3. Bf4 e6 4. a3 a6 5. e3 Bd6 6. Bg5 O-O 7. f4 Nc6 8. Nf3 Ne7 9. Bxf6 gxf6 10. Bd3 f5
11. O-O Ng6 12. Ne5 c6 13. Qh5 Qh4 14. Qf3 Nxe5 15. dxe5 Be7 16. b4 f6 17. g3 Qh3 18. Na4 b5 19. Nb2 Kh8 20. Qg2 Qxg2+
21. Kxg2 fxe5 22. Rae1 e4 23. Be2 Bd7 24. c3 Rf6 25. Ra1 Rg8 26. Nd1 Rh6 27. Nb2 Be8 28. Nd1 Bh5 29. Bxh5 Rxh5 30. a4 bxa4
31. Rxa4 Ra8 32. Nf2 Rh6 33. Rfa1 c5 34. Rxa6 Rxa6 35. Rxa6 cxb4 36. cxb4 Bxb4 37. Nh3 Be7 38. Ng1 Kg7 39. Ne2 Bc5 40. h4 Bxe3
41. Ra7+ Bxa7
0-1

[Event "The Olympic Chess Games 1 / KO/ For All/ Have Fun"]
[Site "SchemingMind.com"]
[Date "2010.02.28"]
[Round "-"]
[White "the_ether_76"]
[Black "highway61"]
[Result "0-1"]
[WhiteCountry "USA"]
[BlackCountry "USA"]
[WhiteElo "1703"]
[WhiteRD "77"]
[BlackElo "1777"]
[BlackRD "98"]
[GameID "240352"]

1. d4 d5 2. c4 c6 3. Nc3 Nf6 4. Bf4 dxc4 5. e4 g6 6. Bxc4 Bg7 7. Nf3 O-O 8. O-O Nbd7 9. Qb3 b5 10. Bd3 Nb6
11. Ne5 Qxd4 12. Ne2 Qa4 13. Nxc6 Re8 14. Bxb5 Qxe4 15. Ne5 Be6 16. Qd3 Qxd3 17. Nxd3 Red8 18. Rfd1 a6 19. Bc6 Ra7 20. Be3 Rb8
21. h3 Nfd5 22. Bxd5 Bxd5
0-1

[Event "The Olympic Chess Games 1 / KO/ For All/ Have Fun"]
[Site "SchemingMind.com"]
[Date "2010.03.01"]
[Round "-"]
[White "highway61"]
[Black "the_ether_76"]
[Result "1-0"]
[WhiteCountry "USA"]
[BlackCountry "USA"]
[WhiteElo "1762"]
[WhiteRD "98"]
[BlackElo "1784"]
[BlackRD "82"]
[GameID "240360"]

1. d4 d5 2. Nf3 c5 3. c4 e6 4. cxd5 exd5 5. Nc3 Be6 6. e4 dxe4 7. Nxe4 cxd4 8. Nxd4 Bb4+ 9. Nc3 Qe7 10. Nxe6 Qxe6+
11. Be3 Nf6 12. Bb5+ Nc6 13. O-O O-O 14. Re1 Rfe8 15. Bg5 Qxe1+ 16. Qxe1 Rxe1+ 17. Rxe1
1-0

[Event "The Olympic Chess Games 1 / KO/ For All/ Have Fun"]
[Site "SchemingMind.com"]
[Date "2010.03.06"]
[Round "-"]
[White "TONYTODD11"]
[Black "Netferatu"]
[Result "0-1"]
[WhiteCountry "ENG"]
[BlackCountry "ARG"]
[WhiteElo "1421"]
[WhiteRD "77"]
[BlackElo "2307"]
[BlackRD "115"]
[GameID "241169"]

1. d4 Nf6 2. Nc3 d5 3. g3 Bf5 4. Bf4 e6 5. Nb5 Na6 6. c3 c6 7. a4 cxb5 8. axb5 Nc7 9. e3 Bd6 10. Qa4 O-O
11. Nf3 Ne4 12. Bxd6 Qxd6 13. Bg2 a6 14. O-O Nxb5 15. c4 dxc4 16. Qxc4 Rac8 17. Qa4 Qc7 18. Rad1 Nbd6 19. Ne5 f6 20. Nd7 b5
21. Qxa6 Qxd7 22. d5 e5 23. Bxe4 Nxe4 24. Qa2 Rc2 25. Qa3 Ng5 26. Qb3 Nf3+ 27. Kh1 Be4 28. d6+ Rc4 29. Qxb5 Qh3
0-1

[Event "The Olympic Chess Games 1 / KO/ For All/ Have Fun"]
[Site "SchemingMind.com"]
[Date "2010.03.06"]
[Round "-"]
[White "Jegember"]
[Black "mmccaffe"]
[Result "0-1"]
[WhiteCountry "HUN"]
[BlackCountry "USA"]
[WhiteElo "1301"]
[WhiteRD "116"]
[BlackElo "1750"]
[BlackRD "56"]
[GameID "241172"]

1. d4 Nf6 2. c4 g6 3. Nc3 Bg7 4. Nf3 O-O 5. e4 d6 6. h3 Nbd7 7. Be2 b6 8. O-O Bb7 9. Bd3 c5 10. Be3 cxd4
11. Bxd4 Nc5 12. Bxc5 bxc5 13. Re1 Nd7 14. Qb3 Rb8 15. Qa3 a6 16. Rab1 Ne5 17. Be2 Nxf3+ 18. Bxf3 f5 19. Re3 Bd4 20. Rd3 Qd7
21. Re1 fxe4 22. Bxe4 Bxf2+ 23. Kf1 Bxe1+ 24. Kxe1 Bxe4 25. Nxe4 Qf5 26. Re3 Qf1+ 27. Kd2 Qxg2+
0-1

[Event "The Olympic Chess Games 1 / KO/ For All/ Have Fun"]
[Site "SchemingMind.com"]
[Date "2010.03.06"]
[Round "-"]
[White "Netferatu"]
[Black "TONYTODD11"]
[Result "1-0"]
[WhiteCountry "ARG"]
[BlackCountry "ENG"]
[WhiteElo "2348"]
[WhiteRD "115"]
[BlackElo "1440"]
[BlackRD "75"]
[GameID "241175"]

1. d4 d5 2. c4 e5 3. dxe5 Be6 4. cxd5 Qxd5 5. Qxd5 Bxd5 6. Nc3 Bb4 7. Bd2 Bxc3 8. Bxc3 Nc6 9. f3 Nge7 10. e4 Be6
11. f4 g6 12. Nf3 O-O-O 13. b4 a6 14. Kf2 Rhf8 15. a4 f5 16. exf6 Ng8 17. e5 Nh6 18. b5 Ng4+ 19. Kg3 h6 20. bxc6 bxc6
21. Bxa6+ Kd7 22. Rad1+ Bd5 23. Kxg4 h5+ 24. Kg5 Ra8 25. Bb5 Ke6 26. Nd4+ Kf7 27. Bxc6 Bxc6 28. e6+ Ke8 29. Nxc6 Rxa4 30. Rd8#
1-0

[Event "The Olympic Chess Games 1 / KO/ For All/ Have Fun"]
[Site "SchemingMind.com"]
[Date "2010.03.06"]
[Round "-"]
[White "mmccaffe"]
[Black "Jegember"]
[Result "1-0"]
[WhiteCountry "USA"]
[BlackCountry "HUN"]
[WhiteElo "1750"]
[WhiteRD "56"]
[BlackElo "1301"]
[BlackRD "116"]
[GameID "241178"]

1. e4 c5 2. Nf3 d6 3. d4 Bg4 4. dxc5 Qa5+ 5. Nc3 Qxc5 6. Be3 Qa5 7. Qd2 Bxf3 8. gxf3 Nf6 9. Bh3 e6 10. Rg1 g6
11. f4 Nc6 12. O-O-O Qc7 13. f5 Nd8 14. Bg5 Bg7 15. Qxd6 Qxd6 16. Rxd6 O-O 17. fxe6 fxe6 18. Bxe6+ Kh8 19. Bb3 Nf7 20. Bxf7 Rxf7
21. Rgd1 Ne8 22. Rd8 Rxd8 23. Rxd8 Rf8 24. Be3 a6 25. Nd5 Kg8 26. Bc5 Nd6 27. Ne7+ Kf7 28. Rxd6 Bf6 29. Rxf6+ Kxf6 30. Nd5+
1-0

[Event "The Olympic Chess Games 1 / KO/ For All/ Have Fun"]
[Site "SchemingMind.com"]
[Date "2010.03.11"]
[Round "-"]
[White "Andoni Zabala"]
[Black "Baeron"]
[Result "0-1"]
[WhiteCountry "INT"]
[BlackCountry "SUI"]
[WhiteElo "1718"]
[WhiteRD "99"]
[BlackElo "2080"]
[BlackRD "81"]
[GameID "241268"]

1. e4 e6 2. d4 d5 3. Nc3 Nf6 4. Bg5 Bb4 5. e5 h6 6. exf6 hxg5 7. fxg7 Rg8 8. Ne2 Qf6 9. a3 Bd6 10. Qd2 Bd7
11. f3 Nc6 12. O-O-O O-O-O 13. Nb5 Be7 14. Ng3 Qxg7 15. Nh5 Qh8 16. g4 a6 17. Nc3 Bf6 18. Nxf6 Qxf6 19. Bg2 Ne7 20. Ne2 Ng6
21. c3 Bb5 22. Rhe1 Bxe2 23. Rxe2 Rh8 24. Rh1 Rh6 25. Rf2 Rdh8 26. h3 Nf4 27. Bf1 Nxh3 28. Bxh3 Rxh3 29. Rxh3 Rxh3 30. Qe3 Kd7
31. Kc2 Kd6 32. Kb3 Qf4 33. Qxf4+ gxf4 34. Kb4 f6 35. a4 b6 36. c4 e5 37. cxd5 Kxd5 38. dxe5 c5+ 39. Kc3 fxe5 40. Rd2+ Ke6
41. Rd3 Rg3 42. Kc4 e4 43. fxe4 b5+ 44. axb5 axb5+ 45. Kc3 c4
0-1

[Event "The Olympic Chess Games 1 / KO/ For All/ Have Fun"]
[Site "SchemingMind.com"]
[Date "2010.03.11"]
[Round "-"]
[White "Baeron"]
[Black "Andoni Zabala"]
[Result "1-0"]
[WhiteCountry "SUI"]
[BlackCountry "INT"]
[WhiteElo "2080"]
[WhiteRD "81"]
[BlackElo "1718"]
[BlackRD "99"]
[GameID "241272"]

1. e4 c6 2. d4 d5 3. exd5 cxd5 4. Bd3 Nf6 5. c3 Nc6 6. Bf4 g6 7. Nd2 Bg7 8. Ngf3 O-O 9. h3 a6 10. a4 Nh5
11. Bh2 e6 12. O-O Bf6 13. Re1 Bd7 14. Nb3 Be7 15. Nc5 Bxc5 16. dxc5 a5 17. Nd4 Nxd4 18. cxd4 Bc6 19. Bb5 Qd7 20. Qd3 Ng7
21. g4 f6 22. Bd6 Rf7 23. Qe2 Re8 24. Bxc6 Qxc6 25. Qb5 Qa6 26. b4 axb4 27. Rab1 Qxb5 28. axb5 Rd7 29. Bg3 Ra8 30. c6 bxc6
31. bxc6 Rdd8 32. Rxb4 Rdc8 33. c7 Kf7 34. Rb8 Ne8 35. Reb1 e5 36. dxe5 Nxc7 37. R8b7 Kg8 38. exf6 Ne6 39. R1b6 Ng5 40. Rg7+ Kf8
41. Rbb7 d4 42. Bd6+ Ke8 43. Rg8#
1-0

[Event "The Olympic Chess Games 1 / KO/ For All/ Have Fun"]
[Site "SchemingMind.com"]
[Date "2010.03.08"]
[Round "-"]
[White "Giuseppe"]
[Black "marble"]
[Result "1-0"]
[WhiteCountry "ITA"]
[BlackCountry "ENG"]
[WhiteElo "2154"]
[WhiteRD "219"]
[BlackElo "1812"]
[BlackRD "74"]
[GameID "241338"]

1. e4 c5 2. Nf3 g6 3. d4 cxd4 4. Nxd4 Bg7 5. Bc4 Nc6 6. Nxc6 bxc6 7. O-O d6 8. Nc3 Nf6 9. e5 Nh5 10. Qf3 O-O
11. g4 d5 12. Bd3 d4 13. Ne2 Bxg4 14. Qxg4 Bxe5 15. Bh6 Ng7 16. f4 Bc7 17. f5 Qd6 18. Bf4 e5 19. fxe6 Qe7 20. Bxc7 Qxc7
21. exf7+ Rxf7 22. Bc4 Rf8 23. Rxf7 Rxf7 24. Rf1 d3 25. Rxf7 dxe2 26. Rxc7+
1-0

[Event "The Olympic Chess Games 1 / KO/ For All/ Have Fun"]
[Site "SchemingMind.com"]
[Date "2010.03.08"]
[Round "-"]
[White "Gammon"]
[Black "diggies"]
[Result "0-1"]
[WhiteCountry "USA"]
[BlackCountry "USA"]
[WhiteElo "1457"]
[WhiteRD "52"]
[BlackElo "1729"]
[BlackRD "91"]
[GameID "241339"]

1. d4 d5 2. c4 dxc4 3. Nc3 c6 4. e4 b5 5. a4 Bd7 6. axb5 cxb5 7. Nf3 a6 8. Ne5 Nf6 9. Be2 Nc6 10. Nxd7 Nxd7
11. O-O e6 12. Bf4 Be7 13. b3 cxb3 14. d5 Na5 15. d6 Bf6 16. Qd3 b4 17. Na4 Bxa1 18. Rxa1 O-O 19. e5 Qc8 20. Nb2 Nc6
21. Bf3 Rb8 22. Rxa6 Ncxe5 23. Qe2 Nxf3+ 24. gxf3 Qc2 25. Qxc2 bxc2
0-1

[Event "The Olympic Chess Games 1 / KO/ For All/ Have Fun"]
[Site "SchemingMind.com"]
[Date "2010.03.08"]
[Round "-"]
[White "marble"]
[Black "Giuseppe"]
[Result "0-1"]
[WhiteCountry "ENG"]
[BlackCountry "ITA"]
[WhiteElo "1812"]
[WhiteRD "74"]
[BlackElo "2154"]
[BlackRD "219"]
[GameID "241340"]

1. e4 e5 2. Nf3 Nc6 3. Bc4 Nf6 4. d4 exd4 5. Ng5 d5 6. exd5 Ne5 7. Qe2 Bd6 8. Bf4 Qe7 9. O-O Nxc4 10. Qxc4 Bxf4
11. Nf3 O-O 12. Qxd4 Qe4 13. Qc3 Qxd5 14. Na3 Ne4 15. Qe1 Re8 16. b3 Bg4 17. c4 Qh5 18. Nb5 Bxf3 19. gxf3 Qxh2#
0-1

[Event "The Olympic Chess Games 1 / KO/ For All/ Have Fun"]
[Site "SchemingMind.com"]
[Date "2010.03.08"]
[Round "-"]
[White "diggies"]
[Black "Gammon"]
[Result "1-0"]
[WhiteCountry "USA"]
[BlackCountry "USA"]
[WhiteElo "1729"]
[WhiteRD "91"]
[BlackElo "1457"]
[BlackRD "52"]
[GameID "241341"]

1. e4 e6 2. d4 d5 3. e5 c5 4. c3 Nc6 5. Bb5 Qb6 6. a4 Bd7 7. b3 Be7 8. Be3 a6 9. Bxc6 Bxc6 10. Nf3 f6
11. O-O g5 12. exf6 Bxf6 13. dxc5 Qc7 14. Nxg5 O-O-O 15. Nxe6
1-0

[Event "The Olympic Chess Games 1 / KO/ For All/ Have Fun"]
[Site "SchemingMind.com"]
[Date "2010.03.14"]
[Round "-"]
[White "lemmie"]
[Black "winston"]
[Result "0-1"]
[WhiteCountry "NED"]
[BlackCountry "PHI"]
[WhiteElo "1577"]
[WhiteRD "55"]
[BlackElo "1936"]
[BlackRD "173"]
[GameID "241439"]

1. e4 Nf6 2. e5 Nd5 3. d4 d6 4. Nf3 Nb6 5. a4 e6 6. a5 N6d7 7. Bg5 Be7 8. Bxe7 Qxe7 9. exd6 cxd6 10. b4 a6
11. c4 O-O 12. Be2 Nc6 13. Qd2 Nf6 14. O-O Ne4 15. Qe3 d5 16. cxd5 exd5 17. Nbd2 Nxb4 18. Rab1 Nc6 19. Bd3 Re8 20. Qf4 Nxa5
21. Rfe1 Qf6 22. Qxf6 Nxf6 23. Ne5 b5 24. Ndf3 h6 25. h3 Bb7 26. Bf5 Nc4 27. Bd3 Rad8 28. Bf1 Re6 29. Bd3 Nd7 30. Bf5 Ndxe5
31. Nxe5 Re7 32. f4 Nxe5 33. fxe5 g6 34. Bg4 h5 35. Bf3 Rc8 36. Red1 Rc3 37. Kf1 Rec7 38. Kg1 Re3 39. Kf2 Ra3 40. h4 Kf8
41. Kg3 Rcc3 42. Kf4 Kg7 43. Kg5 Bc8 44. Rf1 Rd3 45. Bxd5 Rg3+ 46. Kf4 Rg4#
0-1

[Event "The Olympic Chess Games 1 / KO/ For All/ Have Fun"]
[Site "SchemingMind.com"]
[Date "2010.03.14"]
[Round "-"]
[White "winston"]
[Black "lemmie"]
[Result "1-0"]
[WhiteCountry "PHI"]
[BlackCountry "NED"]
[WhiteElo "1893"]
[WhiteRD "188"]
[BlackElo "1575"]
[BlackRD "51"]
[GameID "241442"]

1. e4 e5 2. Nf3 Nc6 3. Bb5 a6 4. Ba4 b5 5. Bb3 h6 6. O-O Bc5 7. Nxe5 Nxe5 8. d4 Bd6 9. dxe5 Bxe5 10. Qd5 Qe7
11. Qxa8
1-0

[Event "The Olympic Chess Games 1 / KO/ For All/ Have Fun"]
[Site "SchemingMind.com"]
[Date "2010.03.15"]
[Round "-"]
[White "Scooter"]
[Black "MrPerry"]
[Result "0-1"]
[WhiteCountry "USA"]
[BlackCountry "USA"]
[WhiteElo "1756"]
[WhiteRD "58"]
[BlackElo "1873"]
[BlackRD "89"]
[GameID "242052"]

1. d4 d5 2. Nf3 Nc6 3. Bf4 Bg4 4. e3 e6 5. a3 Bd6 6. Bxd6 cxd6 7. Nbd2 Nge7 8. Bb5 O-O 9. h3 Bxf3 10. Nxf3 Qa5+
0-1

[Event "The Olympic Chess Games 1 / KO/ For All/ Have Fun"]
[Site "SchemingMind.com"]
[Date "2010.03.20"]
[Round "-"]
[White "reo"]
[Black "Schaakmaatje"]
[Result "1-0"]
[WhiteCountry "THA"]
[BlackCountry "NED"]
[WhiteElo "1742"]
[WhiteRD "83"]
[BlackElo "1724"]
[BlackRD "54"]
[GameID "242054"]

1. e4 d6 2. d4 Nf6 3. Bd3 Nc6 4. c3 e5 5. d5 Ne7 6. h3 Ng6 7. Nf3 Be7 8. b4 Nh5 9. Qa4+ Bd7 10. Bb5 a6
11. Bxd7+ Qxd7 12. Qxd7+ Kxd7 13. c4 c6 14. Nc3 Rhf8 15. g4 Nhf4 16. Bxf4 Nxf4 17. O-O-O h6 18. dxc6+ bxc6 19. Nxe5+ Kc7 20. Nd3 Bg5
21. Kb1 Rfb8 22. a3 Nxd3 23. Rxd3 Bf4 24. Rhd1 Re8 25. f3 Be5 26. Na4 a5 27. b5 g6 28. b6+ Kb7 29. c5 dxc5 30. Rd7+ Ka6
31. Rxf7 Kb5 32. b7 Rab8 33. Nb2 Ka6 34. Rdd7 Red8 35. Nc4 Bd4 36. a4 Rxd7 37. Rxd7 Rxb7+ 38. Rxb7 Kxb7 39. Nxa5+ Kb6 40. Nc4+ Kc7
41. Kc2 Kd7 42. Kb3 Kc7 43. a5 Kb7 44. e5 Kc7 45. e6 Bf6 46. Ka4 Kb7 47. Nd6+ Ka6 48. Ne4 Be7 49. Nd2 Kb7 50. f4
1-0

[Event "The Olympic Chess Games 1 / KO/ For All/ Have Fun"]
[Site "SchemingMind.com"]
[Date "2010.03.20"]
[Round "-"]
[White "palaciorep"]
[Black "Zagloba"]
[Result "0-1"]
[WhiteCountry "ARG"]
[BlackCountry "POL"]
[WhiteElo "1642"]
[WhiteRD "81"]
[BlackElo "1840"]
[BlackRD "87"]
[GameID "242056"]

1. e4 e5 2. Nf3 Nf6 3. Nc3 Nc6 4. Bc4 Be7 5. d3 d6 6. h3 O-O 7. Nd5 Nxd5 8. Bxd5 Be6 9. Bxc6 bxc6 10. c4 f5
11. Nh2 fxe4 12. Qc2 exd3 13. Qxd3 d5 14. Qg3 Bh4 15. Qxe5 Bxf2+ 16. Kd1 dxc4+ 17. Bd2 Qd5 18. Qxd5 cxd5 19. Nf3 c5 20. Rf1 Bd4
21. Bc3 Bxc3 22. bxc3 h6 23. Kd2 Bf5 24. Ne5 Rae8 25. Nc6 a6 26. g4 Bd3 27. Rxf8+ Kxf8 28. Re1 Rxe1 29. Kxe1 Ke8 30. Ne5 Ke7
31. h4 Ke6 32. Nc6 Kd6 33. Nd8 d4 34. cxd4 cxd4 35. Kd2 Be4 36. Nf7+ Kd5 37. a4 c3+ 38. Kc1 d3 39. g5 d2+ 40. Kd1 Bf3+
41. Kc2 d1=Q+ 42. Kxc3 Be4 43. gxh6 Qc2+ 44. Kb4 Qb2+ 45. Ka5 Kc5 46. Nd6 Qb6#
0-1

[Event "The Olympic Chess Games 1 / KO/ For All/ Have Fun"]
[Site "SchemingMind.com"]
[Date "2010.03.15"]
[Round "-"]
[White "BigDaddy"]
[Black "BishopVesey"]
[Result "0-1"]
[WhiteCountry "AUT"]
[BlackCountry "ENG"]
[WhiteElo "1345"]
[WhiteRD "55"]
[BlackElo "1812"]
[BlackRD "200"]
[GameID "242059"]

1. e4 b6 2. d4 Bb7 3. Nc3 e6 4. Nf3 Bb4 5. Bd2 Bxc3 6. Bxc3 Bxe4 7. Bd3 Nf6 8. Bxe4 Nxe4 9. Qd3 d5 10. Nd2 Nxc3
11. Qxc3 O-O 12. Nf3 Qd6 13. Qd3 Qb4+ 14. Qc3 Qxc3+ 15. bxc3 Nc6 16. O-O Rfc8 17. Ne5 Na5 18. a3 c5 19. Rab1 cxd4 20. cxd4 Rxc2
21. Rfc1 Rac8 22. Rxc2 Rxc2 23. Nd3 Rc3 24. Rc1 Rxc1+ 25. Nxc1 b5 26. Nd3 Nc4 27. Nb4 Nxa3 28. Nc6 Nc4 29. Nxa7 b4 30. Nc6 b3
31. Ne7+ Kf8 32. Nc6 b2 33. Ne5 b1=Q#
0-1

[Event "The Olympic Chess Games 1 / KO/ For All/ Have Fun"]
[Site "SchemingMind.com"]
[Date "2010.03.16"]
[Round "-"]
[White "MrPerry"]
[Black "Scooter"]
[Result "1-0"]
[WhiteCountry "USA"]
[BlackCountry "USA"]
[WhiteElo "1873"]
[WhiteRD "89"]
[BlackElo "1756"]
[BlackRD "58"]
[GameID "242064"]

1. e4 c6 2. d4 d5 3. f3 e6 4. Nc3 Bb4 5. a3 Ba5 6. Bf4 Nf6 7. Bg5 Qb6 8. b4 Bxb4 9. axb4 Qxb4 10. Qd2 Nbd7
11. Rb1 Qa5 12. Bd3 b5 13. Nge2 h6 14. Bh4 a6 15. O-O Qc7 16. Bg3 Qa7 17. exd5 cxd5 18. Ra1 Qb6 19. Nxb5
1-0

[Event "The Olympic Chess Games 1 / KO/ For All/ Have Fun"]
[Site "SchemingMind.com"]
[Date "2010.03.20"]
[Round "-"]
[White "Schaakmaatje"]
[Black "reo"]
[Result "0-1"]
[WhiteCountry "NED"]
[BlackCountry "THA"]
[WhiteElo "1736"]
[WhiteRD "50"]
[BlackElo "1742"]
[BlackRD "83"]
[GameID "242066"]

1. e4 c5 2. Nf3 d6 3. d4 cxd4 4. Nxd4 Nf6 5. Nc3 Nc6 6. Be2 g6 7. O-O Bg7 8. Be3 O-O 9. Qd2 Nxd4 10. Bxd4 a6
11. Rad1 Qc7 12. Nd5 Nxd5 13. exd5 Bxd4 14. Qxd4 Qxc2 15. Bd3 Qc5 16. Qxc5 dxc5 17. Rfe1 e6 18. dxe6 Bxe6 19. b3 b5 20. Be4 Ra7
21. Rd6 a5 22. Bc6 b4 23. Bb5 Rb8 24. Bd3 a4 25. f4 axb3 26. axb3 Bxb3 27. f5 c4 28. Be4 c3 29. fxg6 fxg6 30. Rd3 Kg7
31. Rde3 Ra3 32. h3 Rd8
0-1

[Event "The Olympic Chess Games 1 / KO/ For All/ Have Fun"]
[Site "SchemingMind.com"]
[Date "2010.03.20"]
[Round "-"]
[White "Zagloba"]
[Black "palaciorep"]
[Result "1-0"]
[WhiteCountry "POL"]
[BlackCountry "ARG"]
[WhiteElo "1804"]
[WhiteRD "90"]
[BlackElo "1675"]
[BlackRD "81"]
[GameID "242068"]

1. e4 e5 2. d4 exd4 3. c3 dxc3 4. Bc4 Nf6 5. Nxc3 Bb4 6. e5 Bxc3+ 7. bxc3 Ng8 8. Qg4 g6 9. Bg5 Ne7 10. Qf4 O-O
11. Bf6 Re8 12. g4 d5 13. O-O-O Nd7 14. Bxd5 Nxf6 15. Bxf7+ Kxf7 16. Qxf6+ Kg8 17. Rxd8 Rxd8 18. Qxe7 Rd7 19. Qe8+ Kg7 20. e6 Rd3
21. Qf7+ Kh6 22. Qf8+ Kg5 23. f4+ Kxg4 24. e7 Rxc3+ 25. Kd2 Ra3 26. e8=Q Rxa2+ 27. Kc3 Ra6 28. Qe2+ Kh4 29. Qh6#
1-0

[Event "The Olympic Chess Games 1 / KO/ For All/ Have Fun"]
[Site "SchemingMind.com"]
[Date "2010.03.15"]
[Round "-"]
[White "BishopVesey"]
[Black "BigDaddy"]
[Result "1-0"]
[WhiteCountry "ENG"]
[BlackCountry "AUT"]
[WhiteElo "1812"]
[WhiteRD "200"]
[BlackElo "1345"]
[BlackRD "55"]
[GameID "242071"]

1. d4 Nf6 2. c4 g6 3. Nf3 Bg7 4. Nc3 d5 5. Bf4 dxc4 6. e3 Be6 7. Ng5 Qd7 8. Nxe6 Qxe6 9. Qa4+ Nc6 10. Nb5 O-O
11. Nxc7 Qd7 12. Nxa8 Rxa8 13. Bxc4 a6 14. Be2 b5 15. Bxb5 Qc8 16. Bxc6 Ra7 17. O-O h5 18. Qb3 Qxc6 19. Qb8+ Kh7 20. Qxa7 Qe6
21. Rfc1 Ne4 22. Rc7 Bf6 23. f3 Nd2 24. e4 g5 25. Bxd2 Bxd4+ 26. Qxd4 f6 27. Qd8 Qe5 28. Rxe7+ Qxe7 29. Qxe7+ Kg6 30. Bc3 Kh6
31. Qxf6+ Kh7 32. Qg7#
1-0

[Event "The Olympic Chess Games 1 / KO/ For All/ Have Fun"]
[Site "SchemingMind.com"]
[Date "2010.03.21"]
[Round "-"]
[White "tyler_ensor"]
[Black "Teagy"]
[Result "0-1"]
[WhiteCountry "CAN"]
[BlackCountry "ENG"]
[WhiteElo "1775"]
[WhiteRD "62"]
[BlackElo "1822"]
[BlackRD "75"]
[GameID "242156"]

1. d4 e6 2. c4 Nf6 3. Nc3 c5 4. d5 exd5 5. cxd5 d6 6. e4 g6 7. f4 Qe7 8. Nf3 Bg4 9. Bb5+ Nbd7 10. O-O O-O-O
11. Qd3 Bxf3 12. Rxf3 Bg7 13. Bd2 h5 14. Re3 Ng4 15. Re2 Bd4+ 16. Kf1 Nxh2+ 17. Ke1 Qh4+ 18. Kd1 Ng4 19. Be1 Nf2+ 20. Bxf2 Bxf2
21. Qf3 Qh1+
0-1

[Event "The Olympic Chess Games 1 / KO/ For All/ Have Fun"]
[Site "SchemingMind.com"]
[Date "2010.03.16"]
[Round "-"]
[White "spoke"]
[Black "Midlander"]
[Result "0-1"]
[WhiteCountry "GER"]
[BlackCountry "ENG"]
[WhiteElo "1750"]
[WhiteRD "60"]
[BlackElo "2253"]
[BlackRD "78"]
[GameID "242158"]

1. e4 g6 2. d4 Bg7 3. Nc3 d6 4. Nf3 Nf6 5. Be2 O-O 6. O-O Bg4 7. h3 Bxf3 8. Bxf3 Nc6 9. Be3 e5 10. d5 Ne7
11. Ne2 Nd7 12. c4 f5 13. Bg5 h6 14. Bxe7 Qxe7 15. exf5 e4 16. f6 Nxf6 17. Bg4 Nxg4 18. hxg4 Qg5 19. Ng3 e3 20. Ne4 exf2+
21. Nxf2 Bxb2 22. Rb1 Be5 23. Rxb7 Qf4
0-1

[Event "The Olympic Chess Games 1 / KO/ For All/ Have Fun"]
[Site "SchemingMind.com"]
[Date "2010.03.21"]
[Round "-"]
[White "Teagy"]
[Black "tyler_ensor"]
[Result "0-1"]
[WhiteCountry "ENG"]
[BlackCountry "CAN"]
[WhiteElo "1822"]
[WhiteRD "75"]
[BlackElo "1775"]
[BlackRD "62"]
[GameID "242160"]

1. e4 c5 2. Nc3 Nc6 3. d3 g6 4. g3 Bg7 5. Bg2 d6 6. f4 e6 7. Nf3 Nge7 8. O-O O-O 9. Rb1 Rb8 10. Be3 b5
11. h3 Nd4 12. Ne2 Nxf3+ 13. Rxf3 Bb7 14. Rf1 d5 15. e5 d4 16. Bxb7 Rxb7 17. Bd2 Qb6 18. g4 Nd5 19. f5 exf5 20. gxf5 Bxe5
21. Bh6 Bg7 22. Bxg7 Kxg7 23. Ng3 Ne3 24. Qf3 Nxf1 25. Rxf1 Rbb8
0-1

[Event "The Olympic Chess Games 1 / KO/ For All/ Have Fun"]
[Site "SchemingMind.com"]
[Date "2010.03.16"]
[Round "-"]
[White "Midlander"]
[Black "spoke"]
[Result "1-0"]
[WhiteCountry "ENG"]
[BlackCountry "GER"]
[WhiteElo "2267"]
[WhiteRD "76"]
[BlackElo "1773"]
[BlackRD "55"]
[GameID "242162"]

1. Nf3 d5 2. g3 Nf6 3. Bg2 c6 4. O-O Bg4 5. b3 Nbd7 6. Bb2 Qc7 7. c4 e6 8. d3 dxc4 9. bxc4 Bb4 10. Nc3 O-O
11. a3 Ba5 12. Qc2 Bxf3 13. Bxf3 b5 14. cxb5 cxb5 15. Bxa8
1-0